Foods: An introductory college course / (Record no. 10717)
[ view plain ]
| 000 -LEADER | |
|---|---|
| fixed length control field | 00429cam a2200169ua 4500 |
| 041 ## - LANGUAGE CODE | |
| Language code of text/sound track or separate title | eng |
| 082 ## - DEWEY DECIMAL CLASSIFICATION NUMBER | |
| Classification number | 664 |
| Item number | JUS/FO |
| 100 ## - MAIN ENTRY--AUTHOR NAME | |
| Personal name | Justin, Margaret M . |
| 245 ## - TITLE STATEMENT | |
| Title | Foods: An introductory college course / |
| 250 ## - EDITION STATEMENT | |
| Edition statement | 4 / |
| 260 ## - PUBLICATION, DISTRIBUTION, ETC. (IMPRINT) | |
| Place of publication | : |
| Name of publisher | Houghton Mifflin Company. |
| 300 ## - PHYSICAL DESCRIPTION | |
| Number of Pages | 768 ; . |
| 700 1# - ADDED ENTRY--PERSONAL NAME | |
| Personal name | Osburn, Rust . |
| 942 ## - ADDED ENTRY ELEMENTS (KOHA) | |
| Koha item type | Books |
| Withdrawn status | Lost status | Damaged status | Home library | Current library | Date acquired | Full call number | Accession Number | Koha item type |
|---|---|---|---|---|---|---|---|---|
| Withdrawn | KAUAET | KAUAET | 07/04/2012 | 664 | 572 A | Books |
